<?xml version="1.0" encoding="UTF-8"?>
<record
    xmlns:xsi="http://www.w3.org/2001/XMLSchema-instance"
    xsi:schemaLocation="http://www.loc.gov/MARC21/slim http://www.loc.gov/standards/marcxml/schema/MARC21slim.xsd"
    xmlns="http://www.loc.gov/MARC21/slim">

  <leader>01552nkm a2200277za 4500</leader>
  <controlfield tag="001">84537</controlfield>
  <controlfield tag="003">OSt</controlfield>
  <controlfield tag="005">20260421095850.0</controlfield>
  <controlfield tag="007">kh boc</controlfield>
  <controlfield tag="008">250410s19021933sp ||||| ||||||0| i|spa d</controlfield>
  <datafield tag="040" ind1=" " ind2=" ">
    <subfield code="c">M-RABA</subfield>
    <subfield code="a">M-RABA</subfield>
    <subfield code="b">spa</subfield>
  </datafield>
  <datafield tag="100" ind1=" " ind2=" ">
    <subfield code="a">G&#xF3;mez Rodr&#xED;guez, Enrique</subfield>
    <subfield code="d">(1867-1934)</subfield>
    <subfield code="9">111179</subfield>
  </datafield>
  <datafield tag="245" ind1="1" ind2=" ">
    <subfield code="a">Zoila Rico y Rico Villademoros</subfield>
    <subfield code="b">: Candanedo. Asturias</subfield>
    <subfield code="c">/ Enrique G&#xF3;mez Rodr&#xED;guez</subfield>
    <subfield code="h">[Material gr&#xE1;fico]</subfield>
  </datafield>
  <datafield tag="260" ind1=" " ind2=" ">
    <subfield code="a">E. G&#xF3;mez</subfield>
    <subfield code="b">: Plazuela de los Molinos, 6. Luarca</subfield>
    <subfield code="b">: Glorieta de Bilbao, 5. Madrid</subfield>
    <subfield code="c">[1902 &#x2013; 1933]</subfield>
  </datafield>
  <datafield tag="300" ind1=" " ind2=" ">
    <subfield code="a">1 fotograf&#xED;a</subfield>
    <subfield code="b">: papel alb&#xFA;mina</subfield>
    <subfield code="c">; imagen 16,5 x 12,5 cm</subfield>
    <subfield code="c">; soporte secundario 29 x 22,5 cm</subfield>
  </datafield>
  <datafield tag="500" ind1=" " ind2=" ">
    <subfield code="a">Imagen que muestra detalle de relieves en Cadanedo, Asturias</subfield>
  </datafield>
  <datafield tag="500" ind1=" " ind2=" ">
    <subfield code="a">Montada sobre cart&#xF3;n ilustrado con motivos vegetales de estilo modernista, coloreados y con aplicaciones en dorado.

</subfield>
  </datafield>
  <datafield tag="500" ind1=" " ind2=" ">
    <subfield code="a">En la parte inferior aparece el sello estampado en dorado del fot&#xF3;grafo "Plazuela de los Molinos, 6. Luarca. Glorieta de Bilbao, 5. Madrid. E. G&#xF3;mez"</subfield>
  </datafield>
  <datafield tag="500" ind1=" " ind2=" ">
    <subfield code="a">Anotaciones manuscritas a tinta negra sobre el soporte secundario de cart&#xF3;n: "Zoila Rico y Rico. Villademoros"</subfield>
  </datafield>
  <datafield tag="500" ind1=" " ind2=" ">
    <subfield code="a">Fechas tomadas de los a&#xF1;os de producci&#xF3;n del fot&#xF3;grafo.</subfield>
  </datafield>
  <datafield tag="651" ind1=" " ind2="7">
    <subfield code="a">Asturias (Comunidad Aut&#xF3;noma)</subfield>
    <subfield code="2">embne</subfield>
    <subfield code="9">74739</subfield>
  </datafield>
  <datafield tag="655" ind1=" " ind2="0">
    <subfield code="a">Fotograf&#xED;as de monumentos</subfield>
    <subfield code="9">111580</subfield>
  </datafield>
  <datafield tag="852" ind1=" " ind2=" ">
    <subfield code="j">Fot-593</subfield>
  </datafield>
  <datafield tag="856" ind1=" " ind2=" ">
    <subfield code="3">Fot-593</subfield>
    <subfield code="u">https://archivoybiblioteca.realacademiabellasartessanfernando.com/cgi-bin/koha/opac-retrieve-file.pl?id=57b537c79391a1c90de54b330d4a75b0</subfield>
  </datafield>
  <datafield tag="942" ind1=" " ind2=" ">
    <subfield code="2">ddc</subfield>
    <subfield code="c">FOTOGRAF&#xCD;A</subfield>
    <subfield code="n">0</subfield>
  </datafield>
  <datafield tag="952" ind1=" " ind2=" ">
    <subfield code="0">0</subfield>
    <subfield code="1">0</subfield>
    <subfield code="2">ddc</subfield>
    <subfield code="4">0</subfield>
    <subfield code="7">0</subfield>
    <subfield code="8">FOTOGRAFIA</subfield>
    <subfield code="a">RABASF</subfield>
    <subfield code="b">RABASF</subfield>
    <subfield code="c">DP2</subfield>
    <subfield code="d">2025-04-23</subfield>
    <subfield code="l">0</subfield>
    <subfield code="o">Fot-593</subfield>
    <subfield code="p">1095417</subfield>
    <subfield code="r">2025-04-23 13:53:06</subfield>
    <subfield code="w">2025-04-23</subfield>
    <subfield code="y">FOTOGRAF&#xCD;A</subfield>
  </datafield>
  <datafield tag="999" ind1=" " ind2=" ">
    <subfield code="c">84537</subfield>
    <subfield code="d">84537</subfield>
  </datafield>
</record>
